| 000 | 01704nam a2200397Ia 4500 | ||
|---|---|---|---|
| 001 | ebr10748427 | ||
| 003 | CaPaEBR | ||
| 006 | m o u | ||
| 007 | cr cn||||||||| | ||
| 008 | 120625s2013 paub sb 001 0 eng d | ||
| 010 | _z 2012025735 | ||
| 020 | _z9780812207651 (ebook) | ||
| 020 | _z9780812244786 (hardcover : alk. paper) | ||
| 040 |
_aCaPaEBR _cCaPaEBR |
||
| 035 | _a(OCoLC)859160637 | ||
| 041 | 1 |
_aeng _hmul |
|
| 050 | 1 | 4 |
_aD151 _b.C765 2013eb |
| 082 | 0 | 4 |
_a909.07 _223 |
| 245 | 0 | 0 |
_aCrusade and Christendom _h[electronic resource] : _bannotated documents in translation from Innocent III to the fall of Acre, 1187-1291 / _cedited by Jessalynn Bird, Edward Peters, and James M. Powell. |
| 260 |
_aPhiladelphia : _bUniversity of Pennsylvania Press, _cc2013. |
||
| 300 |
_axxii, 512 p. : _bmaps. |
||
| 490 | 0 | _aThe Middle Ages series | |
| 504 | _aIncludes bibliographical references and index. | ||
| 533 |
_aElectronic reproduction. _bPalo Alto, Calif. : _cebrary, _d2013. _nAvailable via World Wide Web. _nAccess may be limited to ebrary affiliated libraries. |
||
| 546 | _aIncludes source materials translated into English. | ||
| 600 | 0 | 0 |
_aInnocent _bIII, _cPope, _d1160 or 1161-1216. |
| 650 | 0 |
_aChristianity and culture _xHistory _yMiddle Ages, 600-1500 _vSources. |
|
| 650 | 0 |
_aChurch history _yMiddle Ages, 600-1500 _vSources. |
|
| 650 | 0 |
_aCrusades _vSources. |
|
| 655 | 7 |
_aElectronic books. _2local |
|
| 700 | 1 | _aBird, Jessalynn Lea. | |
| 700 | 1 |
_aPeters, Edward, _d1936- |
|
| 700 | 1 | _aPowell, James M. | |
| 710 | 2 | _aebrary, Inc. | |
| 856 | 4 | 0 |
_uhttp://site.ebrary.com/lib/rucke/Doc?id=10748427 _zAn electronic book accessible through the World Wide Web; click to view |
| 999 |
_c113244 _d113244 |
||